000 00626nam a2200181Ia 4500
005 20250508153731.0
008 008 250505s9999 xx 000 0 eng d
037 _aTextual
040 _aFEDL
_beng
_cFEDL
041 _aeng
_2eng
084 _a379.1, MAC
_qFEDL
100 _aMack Edward C
_956204
245 0 _aPublic schools and british opinion 1780 to 1860: An examiniation of the relationship between contemporary ideas and the evolution of an english institution
260 _aLondon, UK
_bMethuen and Co. Ltd.
_c1938
300 _axvi,432p.
942 _cTEXL
_h379.1, MAC
999 _c1345081
_d1345081